Statistics for Countries the British Controlled in 1914

Click here to take the quiz!

General Stats

  • This quiz has been taken 51 times
  • The average score is 35 of 65

Answer Stats

RegionAnswer% Correct
OceaniaAustralia
95%
South AsiaIndia
95%
East AfricaKenya
95%
North AmericaCanada
89%
OceaniaNew Zealand
89%
Southern AfricaSouth Africa
89%
South AsiaPakistan
87%
Middle EastEgypt
82%
South AsiaBangladesh
79%
EuropeIreland
79%
North AfricaSudan
76%
South AsiaNepal
74%
Southern AfricaZambia
74%
Southern AfricaZimbabwe
74%
East IndiesMalaysia
71%
South AsiaMyanmar
68%
East AfricaTanzania
68%
EuropeUnited Kingdom
68%
Southern CarribeanAntigua and Barbuda
66%
Southern CarribeanBarbados
66%
Central AmericaBelize
66%
East IndiesSingapore
66%
South AsiaBhutan
63%
Horn of AfricaSomalia
63%
Southern CarribeanThe Bahamas
63%
Southern AfricaBotswana
61%
East AsiaChina
61%
OceaniaFiji
61%
Northern South AmericaGuyana
61%
Northern CarribeanJamaica
61%
West AfricaNigeria
61%
Southern CarribeanSaint Kitts and Nevis
61%
Southern CarribeanSaint Lucia
61%
Central AfricaSouth Sudan
61%
East AfricaUganda
61%
Southern CarribeanSaint Vincent and the Grenadines
58%
EuropeMalta
55%
Southern AfricaNamibia
55%
East IndiesPapua New Guinea
55%
East IndiesBrunei
53%
West AfricaGhana
53%
Southern CarribeanTrinidad and Tobago
53%
OceaniaSamoa
50%
West AfricaGambia
47%
South AsiaAfghanistan
45%
Southern CarribeanDominica
45%
OceaniaSolomon Islands
45%
Central AfricaCameroon
39%
OceaniaTonga
39%
OceaniaNauru
37%
OceaniaTuvalu
37%
East AfricaBenin
34%
East AfricaRwanda
34%
West AfricaTogo
34%
Horn of AfricaDjibouti
32%
Middle EastIran
24%
North AfricaLibya
24%
West AfricaSenegal
18%
North AfricaTunisia
16%
West AfricaIvory Coast
13%
EuropeGreece
11%
Central AsiaTurkmenistan
8%
Northern South AmericaVenezuela
5%
OceaniaKirabati
3%
OceaniaNiue
3%

Score Distribution

Percentile by Number Answered

Percent of People with Each Score

Your Score History

You have not taken this quiz